Alive for Five? (Science Edition) Quiz Stats

Quiz Updated Aug 5, 2016

Challenge
Share
Tweet
Embed
Score 0/20 Timer 04:00
0 Plays Today
Element More or Fewer? % Correct
Krypton???
78.5%
Xenon???
77.9%
Iodine???
76.6%
Chlorine???
75.3%
Neon???
74.5%
Bromine???
72.4%
Sulfur???
70.1%
Oxygen???
70%
Lithium???
67.9%
Polonium???
66.7%
Element More or Fewer? % Correct
Livermorium???
64.9%
Calcium???
64.7%
Helium???
61.7%
Boron???
60%
Carbon???
58.6%
Rubidium???
51.4%
Gallium???
47.7%
Tin???
47.4%
Radium???
45.2%
Lead???
43.8%

You're not logged in!

Compare scores with friends on all Sporcle quizzes.
Sign Up with Email
OR
Log In

You Might Also Like...

Show Comments

Extras

Top Quizzes Today


Score Distribution

Your Account Isn't Verified!

In order to create a playlist on Sporcle, you need to verify the email address you used during registration. Go to your Sporcle Settings to finish the process.